000 00911nam a2200229 a 4500
001 000048904
005 20240314200928.0
008 190501s2017 dr a r 000 0 spa d
020 _a9789945088137
040 _aDO-SdBNP
_bspa
_cBNPHU
082 _axxxx
_bR173c
100 1 _aRamírez, Joaquín Alberto,
_d1966-
_976342
245 1 3 _aEl cortoplacismo de las reformas constitucionales dominicanas /
_cJoaquín Alberto Ramírez ; prólogo Wilson Gómez Ramírez.
260 _aSanto Domingo :
_bs.n.,
_c2017.
300 _aiii, 279 p. :
_bil. ;
_c24 cm.
490 1 _aFortalecimiento institucional
500 _aIncluye referencias bibliográficas y notas al pie de las páginas
500 _aIncluye datos biográficos del autor en la solapa de la cubierta
504 _aBibliografía : p. 279
700 1 _aGómez Ramírez, Wilson S
_d1953-
_epról.
_946083
830 0 _aFortalecimiento institucional
_937375
999 _c48392
_d48392